ბათუმის შოთა რუსთაველის სახელმწიფო უნივერსიტეტის ბიბლიოთეკა

იუნკრები / (ბიბ.ჩანაწერი № 37975)

000 -ლიდერი
ფიქსირებული სიგრძის საკონტროლო ველი 01158nam a2200241Ia 4500
001 - საკონტროლო ნომერი
საკონტროლო ველი 3958
003 - საკონტროლო ნომრის იდენტიფიკატორი
საკონტროლო ველი GE_BSU
005 - ბოლო ოპერაციის თარიღი და დრო
საკონტროლო ველი 20190916115738.0
008 - ფიქსირებული სიგრძის მონაცემთა ელემენტები - ზოგადი ინფორმაცია
ფიქსირებული სიგრძის საკონტროლო ველი 181216s1990||||ge |||||||||||||| ||geo||
040 ## - კატალოგიზაციის წყარო
Transcribing agency GE_BSU
041 ## - ენის კოდი
Language code of text/sound track or separate title geo
080 ## - უნივერსალური ათობითი კლასიფიკაციის ინდექსი
Universal Decimal Classification number 355 მ–15
100 ## - მთავარი ჩანაწერი - პიროვნების სახელი
Personal name მათიკაშვილი, ნ.
9 (RLIN) 4017
245 ## - ცნობა სათაურის შესახებ
Title იუნკრები /
Statement of responsibility, etc შესავ. წერილის ავტ. და რედ.: ო. ჟორდანია.
264 ## - წარმოების, გამოცემის, დისტრიბუციის და სხვა ცნობები
გამოცემის, წარმოების, დისტრიბუციის... ადგილი თბ. :
გამოცემის, წარმოების, დისტრიბუციის... სახელწოდება მეცნიერება,
გამოცემის, წარმოების, დისტრიბუციის... თარიღი 1990.
300 ## - ფიზიკური აღწერა
Extent 50 გვ. ;
Other physical details 21 სმ.
490 ## - სერიის ცნობა
Series statement მაცნეს ბიბლიოთეკა :ისტორიის სერია
653 ## - INDEX TERM--UNCONTROLLED
Uncontrolled term საქართველოს ანექსია რუსეთის მიერ
653 ## - INDEX TERM--UNCONTROLLED
Uncontrolled term საბჭოთა ხელისუფლების დამყარება საქართველოში, 1921 წლის 21 თებერვალი
700 ## - ADDED ENTRY--PERSONAL NAME
Personal name კვალიაშვილი, მ.
Relator term ავტორი
9 (RLIN) 4018
700 ## - ADDED ENTRY--PERSONAL NAME
Personal name ჟორდანია, ო.
Relator term რედაქტორი
9 (RLIN) 4019
942 ## - ADDED ENTRY ELEMENTS (KOHA)
Koha item type წიგნი
Source of classification or shelving scheme
ეგზემპლარები
ჩამოწერის სტატუსი დაკარგული ეგზემპლარის სტატუსი კლასიფიკაციის წყარო ან თაროზე გაწყობის სქემა დაზიანების სტატუსი არ გაიცემა მუდმივი მდებარეობა (დაცვის ადგილი) ამჟამინდელი ადგილსამყოფელი თაროზე განთავსების ადგილი შეძენის თარიღი ღირებულება, შესყიდვის ნორმალური ფასი სრული შენახვის შიფრი შტრიხკოდი ბოლო ოპერაციის თარიღი ეგზემპლარის მიმდევრობითი ნომერი (კეტერი?) ფასის ძალაში შესვლის თარიღი ეგზემპლარის სახეობა საჯარო შენიშვნა
          ბათუმის შოთა რუსთაველის სახელმწიფო უნივერსიტეტის მთავარი ბიბლიოთეკა ბათუმის შოთა რუსთაველის სახელმწიფო უნივერსიტეტის მთავარი ბიბლიოთეკა წიგნსაცავი 2018-12-17 1.00 355 მ–15 5644 2018-12-17 5644 2018-12-17 წიგნი 1 ლ.